000 00611cam a22002052 4500
001 0000018402
005 20151217152127.0
008 091026s xx 000 0 eng d
020 _a0321330625 :
040 _aKABU
_cKABU
100 1 _aKelby, Scott.
_@0000177634
245 1 4 _aThe Photoshop cs2 book for digital photographers /
_cScott Kelby.
250 _a1st ed.
260 _aNew York :
_bNew Riders,
_c2005.
300 _axvii, 457 p.
650 0 _aPhotography
_xDigital techniques.
_@0000177704
852 1 _9p3045 KES
908 _a091026
950 _@1
999 _c8555
_d8555